000 00536nam a2200217Ia 4500
003 OSt
005 20140311163106.0
008 140130s9999 xx 000 0 und d
020 _a0590414291
050 _aQB 500.22
_b.C64 1990
100 _aCole, Joanna
_94006
245 _aLost in the Solar System /
_cJoanna Cole.
260 _bScholastic,
_c1990.
_aNew York :
300 _a40 p. :
_bcol. ill. ;
_c20 cm.
440 _v1
_931174
521 _aG2
526 _c480
942 _cBK
_2lcc
999 _c40479
_d40479